Practical Epidemiology. (Record no. 5248)

MARC details
000 -LEADER
fixed length control field 00536nam a22002057a 4500
003 - CONTROL NUMBER IDENTIFIER
control field OSt
005 - DATE AND TIME OF LATEST TRANSACTION
control field 20160919131618.0
008 - FIXED-LENGTH DATA ELEMENTS--GENERAL INFORMATION
fixed length control field 160919b xxu||||| |||| 00| 0 eng d
020 ## - INTERNATIONAL STANDARD BOOK NUMBER
International Standard Book Number 0443047316
040 ## - CATALOGING SOURCE
Transcribing agency DNLM.
082 ## - DEWEY DECIMAL CLASSIFICATION NUMBER
Classification number WA 105B255P 1991.
100 ## - MAIN ENTRY--PERSONAL NAME
Personal name Barker,D.J.P;Hall,A.J.Hall;
9 (RLIN) 11071
245 ## - TITLE STATEMENT
Title Practical Epidemiology.
250 ## - EDITION STATEMENT
Edition statement 4th ed.
260 ## - PUBLICATION, DISTRIBUTION, ETC. (IMPRINT)
Place of publication, distribution, etc. Edinburgh;
Name of publisher, distributor, etc. Churchill Livingstone.
Date of publication, distribution, etc. 1991.
300 ## - PHYSICAL DESCRIPTION
Extent 173p;
Other physical details ill;
Dimensions 22cm.
504 ## - BIBLIOGRAPHY, ETC. NOTE
Bibliography, etc includes index.
650 ## - SUBJECT ADDED ENTRY--TOPICAL TERM
Topical term or geographic name as entry element Epidemiology.
9 (RLIN) 1064
942 ## - ADDED ENTRY ELEMENTS (KOHA)
Source of classification or shelving scheme Other/Generic Classification Scheme
Koha item type Book Bank
Holdings
Withdrawn status Lost status Source of classification or shelving scheme Damaged status Not for loan Home library Current library Date acquired Source of acquisition Inventory number Total Checkouts Full call number Barcode Date last seen Price effective from Koha item type
    Other/Generic Classification Scheme     MUST Main Library MUST Main Library 19/09/2016   9783   WA 105B255P 1991. 2016-4321 19/09/2016 19/09/2016 Book Bank
    Other/Generic Classification Scheme     MUST Main Library MUST Main Library 19/09/2016   9790   WA 105B255P 1991. 2016-4322 19/09/2016 19/09/2016 Book Bank
    Other/Generic Classification Scheme     MUST Main Library MUST Main Library 19/09/2016   9794   WA 105B255P 1991. 2016-4323 19/09/2016 19/09/2016 Book Bank